[Event "CZE-chT2B 2223"]
[Site "Czech Republic"]
[Date "2022.12.04"]
[Round "4.1"]
[White "Papacek, Stepan"]
[Black "Petrosyan, Tigran S"]
[Result "0-1"]
[WhiteElo "2236"]
[BlackElo "2456"]
[PlyCount "86"]
[EventDate "2022.10.16"]
[EventType "team-tourn"]
[EventRounds "11"]
[EventCountry "CZE"]
[SourceTitle "EXT 2024"]
[Source "ChessBase"]
[SourceDate "2023.10.10"]
[SourceVersion "1"]
[SourceVersionDate "2023.10.10"]
[SourceQuality "1"]
[WhiteTeam "Litomerice II"]
[BlackTeam "Aurora"]
[WhiteTeamCountry "CZE"]
[BlackTeamCountry "CZE"]

1. c4 e6 2. Nf3 d5 3. g3 dxc4 4. Bg2 Nd7 5. Qa4 a6 6. Qxc4 b5 7. Qc2 Bb7 8. 0-0 Ngf6 9. b3 c5 10. Bb2 Be7 11. d3 0-0 12. Nbd2 Rc8 13. Rac1 Re8 14. Rfd1 Bf8 15. Qb1 e5 16. Qa1 Qe7 17. Nh4 Bxg2 18. Nxg2 Nd5 19. a3 f6 20. e4 N5b6 21. Ne3 Qf7 22. Bc3 Nb8 23. Ba5 Na8 24. Nd5 Nc6 25. Bc3 Nc7 26. Nxc7 Rxc7 27. Qb1 Rd7 28. Nf1 b4 29. axb4 cxb4 30. Ba1 Na5 31. Nd2 Nb7 32. Nc4 Bc5 33. Ne3 Bxe3 34. fxe3 Na5 35. Rc5 Nxb3 36. Rc4 Nxa1 37. Qxa1 a5 38. Qxa5 Qxc4 39. dxc4 Rxd1+ 40. Kf2 Rb8 41. Ke2 b3 42. Kxd1 b2 43. Qd5+ Kh8 0-1

[Event "CZE-chT2B 2223"]
[Site "Czech Republic"]
[Date "2022.11.06"]
[Round "2.1"]
[White "Petrosyan, Tigran S"]
[Black "Lorenc, Tomas"]
[Result "1-0"]
[WhiteElo "2456"]
[BlackElo "2182"]
[PlyCount "57"]
[EventDate "2022.10.16"]
[EventType "team-tourn"]
[EventRounds "11"]
[EventCountry "CZE"]
[SourceTitle "EXT 2024"]
[Source "ChessBase"]
[SourceDate "2023.10.10"]
[SourceVersion "1"]
[SourceVersionDate "2023.10.10"]
[SourceQuality "1"]
[WhiteTeam "Aurora"]
[BlackTeam "Karlovy Vary"]
[WhiteTeamCountry "CZE"]
[BlackTeamCountry "CZE"]

1. Nf3 Nf6 2. c4 d5 3. cxd5 Nxd5 4. d4 g6 5. e4 Nb6 6. h3 Bg7 7. Nc3 0-0 8. Be3 Nc6 9. Qd2 Re8 10. Be2 e5 11. d5 Ne7 12. Bh6 Bh8 13. Rd1 Bd7 14. h4 Nbc8 15. h5 Nd6 16. Ng5 f5 17. Nxh7 f4 18. hxg6 Nxg6 19. Bg5 Qc8 20. Qd3 Bg4 21. Kd2 b5 22. Rh6 Nf7 23. Nf6+ Bxf6 24. Rxg6+ Kh7 25. Rxf6 Nxg5 26. Rh1+ Kg7 27. Rhh6 Rg8 28. Rfg6+ Kf7 29. Rxg8 1-0

[Event "Titled Tuesday intern op 5th May"]
[Site "Chess.com INT"]
[Date "2020.05.05"]
[Round "7"]
[White "Petrosyan, Tigran S"]
[Black "Grandelius, Nils"]
[Result "1/2-1/2"]
[WhiteElo "2448"]
[BlackElo "2651"]
[PlyCount "108"]
[EventDate "2020.05.05"]
[EventType "swiss (blitz)"]
[EventRounds "10"]
[EventCountry "USA"]
[SourceTitle "EXT 2021"]
[Source "ChessBase"]
[SourceDate "2020.10.23"]
[SourceVersion "1"]
[SourceVersionDate "2020.10.23"]
[SourceQuality "1"]

1. e4 f6 2. d4 e6 3. c4 d5 4. exd5 exd5 5. cxd5 Qxd5 6. Nc3 Bb4 7. Nf3 Ne7 8. Bd3 0-0 9. 0-0 Bxc3 10. bxc3 Bf5 11. Be2 Nbc6 12. Qb3 Na5 13. Qxd5+ Nxd5 14. Bd2 Nb6 15. Bf4 c6 16. Rfe1 Rfe8 17. h3 Kf7 18. g4 Be6 19. Bd3 Bd5 20. Nd2 g5 21. Bg3 Nac4 22. Nxc4 Nxc4 23. a4 b6 24. f4 Nd2 25. Kf2 Ne4+ 26. Bxe4 Rxe4 27. Rxe4 Bxe4 28. fxg5 fxg5 29. Ke3 Re8 30. Be5 Bg2 31. Rg1 Bd5 32. Rf1+ Ke7 33. Rf5 Rg8 34. Bf6+ Ke8 35. Bxg5 Rf8 36. Re5+ Kd7 37. Bf4 Rf7 38. h4 a5 39. g5 Re7 40. Rxe7+ Kxe7 41. Bc7 b5 42. Bxa5 bxa4 43. Bb4+ Kf7 44. Kf4 Ke6 45. h5 Bb3 46. Ba3 Bc2 47. g6 hxg6 48. h6 Kf6 49. Kg4 g5 50. Bc1 Bf5+ 51. Kh5 Bg6+ 52. Kg4 Bf5+ 53. Kh5 Bg6+ 54. Kg4 Bf5+ 1/2-1/2

[Event "Titled Tuesday intern op 5th May"]
[Site "Chess.com INT"]
[Date "2020.05.05"]
[Round "2"]
[White "Siva, Mahadevan"]
[Black "Petrosyan, Tigran S"]
[Result "1/2-1/2"]
[WhiteElo "2349"]
[BlackElo "2448"]
[PlyCount "96"]
[EventDate "2020.05.05"]
[EventType "swiss (blitz)"]
[EventRounds "10"]
[EventCountry "USA"]
[SourceTitle "EXT 2021"]
[Source "ChessBase"]
[SourceDate "2020.10.23"]
[SourceVersion "1"]
[SourceVersionDate "2020.10.23"]
[SourceQuality "1"]

1. e4 e5 2. Nf3 Nc6 3. Bb5 a6 4. Ba4 Nf6 5. 0-0 Be7 6. Re1 b5 7. Bb3 d6 8. c3 0-0 9. h3 Nb8 10. d4 Nbd7 11. Nbd2 c5 12. d5 c4 13. Bc2 Nc5 14. b4 cxb3 15. axb3 Qc7 16. b4 Ncd7 17. Bb2 Nb6 18. Qe2 Nh5 19. Ra3 Nf4 20. Qf1 f5 21. Rea1 fxe4 22. Bxe4 Bb7 23. g3 Nfxd5 24. Qd3 Nf6 25. Bxb7 Qxb7 26. Qe2 Rfe8 27. c4 bxc4 28. Nxc4 Nxc4 29. Qxc4+ d5 30. Qe2 e4 31. Nd4 Qxb4 32. Rxa6 Rxa6 33. Rxa6 Bc5 34. Nf5 Qc4 35. Qxc4 dxc4 36. Nxg7 Kxg7 37. Rxf6 Kg8 38. Rc6 Ba7 39. Rxc4 e3 40. fxe3 Rxe3 41. Rg4+ Kf8 42. Kf1 Rf3+ 43. Ke1 Bb8 44. Ke2 Rxg3 45. Rxg3 Bxg3 46. Kf3 Bh4 47. Kg4 Be7 48. Kh5 Kg8 1/2-1/2

[Event "Titled Tuesday intern op 28th Apr"]
[Site "Chess.com INT"]
[Date "2020.04.28"]
[Round "1"]
[White "Petrosyan, Tigran S"]
[Black "Artemyeva, Olga"]
[Result "1-0"]
[WhiteElo "2448"]
[BlackElo "2297"]
[PlyCount "57"]
[EventDate "2020.04.28"]
[EventType "swiss (blitz)"]
[EventRounds "10"]
[EventCountry "USA"]
[SourceTitle "EXT 2021"]
[Source "ChessBase"]
[SourceDate "2020.10.23"]
[SourceVersion "1"]
[SourceVersionDate "2020.10.23"]
[SourceQuality "1"]

1. Nf3 Nf6 2. c4 e6 3. Nc3 Bb4 4. Qc2 0-0 5. a3 Bxc3 6. Qxc3 d6 7. b4 e5 8. Bb2 Nc6 9. g3 a5 10. b5 Ne7 11. Bg2 Be6 12. 0-0 Ne4 13. Qc2 f5 14. d4 exd4 15. Nxd4 Nc5 16. Nxe6 Nxe6 17. Bxb7 Rb8 18. Bg2 f4 19. Rad1 Kh8 20. Qc3 Nf5 21. Rd5 Qg5 22. Rfd1 Rf7 23. Bh3 fxg3 24. hxg3 Rbf8 25. e4 Qh6 26. Bxf5 Ng5 27. Bc1 Rxf5 28. Rxf5 Nh3+ 29. Kg2 1-0

[Event "Titled Tuesday intern op 28th Apr"]
[Site "Chess.com INT"]
[Date "2020.04.28"]
[Round "6"]
[White "Petrosyan, Tigran S"]
[Black "Hasanagic, Anel"]
[Result "0-1"]
[WhiteElo "2448"]
[BlackElo "2070"]
[PlyCount "64"]
[EventDate "2020.04.28"]
[EventType "swiss (blitz)"]
[EventRounds "10"]
[EventCountry "USA"]
[SourceTitle "CBM 195 Extra"]
[Source "ChessBase"]
[SourceDate "2020.05.31"]
[SourceVersion "1"]
[SourceVersionDate "2020.05.31"]
[SourceQuality "1"]

1. Nf3 d6 2. c4 f5 3. Nc3 Nf6 4. d4 g6 5. g3 Bg7 6. Bg2 0-0 7. 0-0 c6 8. d5 e5 9. dxe6 Bxe6 10. b3 Re8 11. Bb2 Na6 12. Qc2 Qe7 13. Rad1 Rad8 14. Rfe1 Nc5 15. Ng5 Bc8 16. e4 h6 17. b4 hxg5 18. bxc5 dxc5 19. Rxd8 Qxd8 20. e5 Ng4 21. Rd1 Qe7 22. Qd2 Nxe5 23. Qe2 Be6 24. Na4 Bxc4 25. Qc2 b5 26. Bxe5 Qxe5 27. Bxc6 Re6 28. Bd7 Qe1+ 29. Rxe1 Rxe1+ 30. Kg2 Bf1+ 31. Kf3 g4+ 32. Kf4 Bh6# 0-1

[Event "Yerevan Asrian Memorial 11th"]
[Site "Yerevan"]
[Date "2018.06.26"]
[Round "6"]
[White "Petrosyan, Tigran S"]
[Black "Yeritsyan, Hayk"]
[Result "1/2-1/2"]
[WhiteElo "2460"]
[BlackElo "2196"]
[PlyCount "48"]
[EventDate "2018.06.21"]
[EventType "swiss"]
[EventRounds "9"]
[EventCountry "ARM"]
[SourceTitle "CBM 185 Extra"]
[Source "ChessBase"]
[SourceDate "2018.07.29"]
[SourceVersion "1"]
[SourceVersionDate "2018.07.29"]
[SourceQuality "1"]

1. d4 d5 2. c4 e6 3. Nf3 Nf6 4. g3 Be7 5. Bg2 0-0 6. 0-0 dxc4 7. Qa4 a6 8. Qxc4 b5 9. Qc2 Bb7 10. Bd2 Be4 11. Qc1 Bb7 12. Bf4 Bd6 13. Rd1 Nbd7 14. Nc3 Nb6 15. a3 Nfd5 16. Nxd5 Bxd5 17. Qc2 Bxf4 18. gxf4 Rc8 19. Ng5 g6 20. Ne4 Qh4 21. e3 Nd7 22. b4 Kh8 23. h3 Rg8 24. Ng3 g5 1/2-1/2

[Event "Yerevan Asrian Memorial 11th"]
[Site "Yerevan"]
[Date "2018.06.24"]
[Round "4"]
[White "Petrosyan, Tigran S"]
[Black "Zhigalko, Andrey"]
[Result "1/2-1/2"]
[WhiteElo "2460"]
[BlackElo "2562"]
[PlyCount "40"]
[EventDate "2018.06.21"]
[EventType "swiss"]
[EventRounds "9"]
[EventCountry "ARM"]
[SourceTitle "CBM 185 Extra"]
[Source "ChessBase"]
[SourceDate "2018.07.29"]
[SourceVersion "1"]
[SourceVersionDate "2018.07.29"]
[SourceQuality "1"]

1. Nf3 d5 2. d4 Nf6 3. c4 e6 4. Nc3 dxc4 5. e3 a6 6. a4 b6 7. Bxc4 Bb7 8. 0-0 Bb4 9. Qe2 0-0 10. Rd1 Nbd7 11. Bd3 Qe8 12. e4 e5 13. d5 c6 14. dxc6 Bxc6 15. Bg5 h6 16. Bxf6 Nxf6 17. Na2 Bd6 18. Nc3 Bb4 19. Na2 Bc5 20. Nc3 Bb4 1/2-1/2

[Event "Barcelona Sants op 19th"]
[Site "Barcelona"]
[Date "2017.08.24"]
[Round "7"]
[White "Oparin, Grigoriy"]
[Black "Petrosyan, Tigran S"]
[Result "1/2-1/2"]
[WhiteElo "2609"]
[BlackElo "2430"]
[PlyCount "79"]
[EventDate "2017.08.18"]
[EventType "swiss"]
[EventRounds "10"]
[EventCountry "ESP"]
[SourceTitle "CBM 180 Extra"]
[Source "ChessBase"]
[SourceDate "2017.10.06"]
[SourceVersion "1"]
[SourceVersionDate "2017.10.06"]
[SourceQuality "1"]

1. e4 e5 2. Nf3 Nc6 3. Bb5 a6 4. Ba4 Nf6 5. 0-0 Be7 6. Bxc6 dxc6 7. d3 Nd7 8. Nbd2 f6 9. c3 0-0 10. d4 c5 11. dxe5 Nxe5 12. Nxe5 fxe5 13. Qe2 Be6 14. Nc4 Bf6 15. Ne3 c6 16. b3 Qe7 17. Bb2 Rad8 18. c4 Rd7 19. Rad1 Rfd8 20. a4 b6 21. h3 Rxd1 22. Rxd1 Rxd1+ 23. Qxd1 Qd7 24. Qh5 Bf7 25. Qg4 Qxg4 26. Nxg4 Be6 27. Nxe5 Bxe5 28. Bxe5 b5 29. f4 g6 30. g4 bxa4 31. f5 Bf7 32. bxa4 h5 33. Kf2 hxg4 34. hxg4 Bxc4 35. a5 Kf7 36. Bb2 Bb5 37. Ke3 c4 38. e5 c3 39. Bxc3 Bc4 40. Kd4 1/2-1/2

[Event "Barcelona Sants op 19th"]
[Site "Barcelona"]
[Date "2017.08.22"]
[Round "5"]
[White "Petrosyan, Tigran S"]
[Black "Vocaturo, Daniele"]
[Result "1/2-1/2"]
[WhiteElo "2430"]
[BlackElo "2596"]
[PlyCount "200"]
[EventDate "2017.08.18"]
[EventType "swiss"]
[EventRounds "10"]
[EventCountry "ESP"]
[SourceTitle "CBM 180 Extra"]
[Source "ChessBase"]
[SourceDate "2017.10.06"]
[SourceVersion "1"]
[SourceVersionDate "2017.10.06"]
[SourceQuality "1"]

1. Nf3 Nf6 2. c4 g6 3. Nc3 Bg7 4. e4 d6 5. d4 0-0 6. Be2 e5 7. Be3 exd4 8. Nxd4 Re8 9. f3 c6 10. Bf2 d5 11. exd5 cxd5 12. c5 Nbd7 13. Nb3 Nh5 14. 0-0 Nf4 15. Bb5 a6 16. Bxd7 Bxd7 17. Nxd5 Nxd5 18. Qxd5 Bxb2 19. Rab1 Bb5 20. Rfd1 Qxd5 21. Rxd5 Bc3 22. Bd4 Bb4 23. Bf2 Rac8 24. h3 Ba4 25. Rc1 a5 26. Rb1 Rcd8 27. Rbd1 Rxd5 28. Rxd5 Bc6 29. Rd1 a4 30. Nd4 Rd8 31. Rb1 Bxc5 32. Nxc6 Bxf2+ 33. Kxf2 bxc6 34. Ke3 c5 35. Rc1 Rb8 36. Rxc5 Rb2 37. g4 Rxa2 38. Ra5 h6 39. h4 a3 40. Kf4 Ra1 41. Kg3 Kg7 42. Ra6 Ra2 43. Kh3 Ra1 44. Kg3 Kf8 45. Ra7 Ke8 46. Kg2 a2 47. Ra8+ Ke7 48. Ra7+ Kd6 49. Ra8 Ke5 50. Re8+ Kd6 51. Rd8+ Kc7 52. Ra8 Kb7 53. Ra3 Kb6 54. Ra8 Kb5 55. Rb8+ Kc6 56. Ra8 Kd6 57. Rd8+ Ke7 58. Ra8 f6 59. Ra6 h5 60. gxh5 gxh5 61. Ra8 Ke6 62. Ra7 Ke5 63. Ra4 Kd5 64. Ra8 Kd4 65. Rd8+ Kc4 66. Rc8+ Kd3 67. Rd8+ Ke3 68. Re8+ Kd4 69. Rd8+ Kc5 70. Rc8+ Kd6 71. Rd8+ Kc7 72. Ra8 f5 73. Ra7+ Kd6 74. Ra6+ Kc5 75. Ra8 Kb4 76. Rb8+ Kc3 77. Rc8+ Kd3 78. Ra8 Kc4 79. Ra7 Kc3 80. Rc7+ Kd3 81. Ra7 Kd2 82. Ra8 Rd1 83. Rxa2+ Ke3 84. Ra5 Rd2+ 85. Kg3 f4+ 86. Kh3 Kxf3 87. Rxh5 Kf2 88. Ra5 f3 89. Ra1 Rd8 90. Ra2+ Ke3 91. Ra3+ Ke2 92. Ra2+ Rd2 93. Ra1 Rd8 94. Ra2+ Ke3 95. Ra3+ Rd3 96. Ra1 Rd7 97. Ra3+ Ke2 98. Ra2+ Ke3 99. Ra3+ Ke2 100. Ra2+ Ke3 1/2-1/2

[Event "Barcelona Sants op 19th"]
[Site "Barcelona"]
[Date "2017.08.21"]
[Round "4"]
[White "Hertneck, Gerald"]
[Black "Petrosyan, Tigran S"]
[Result "1/2-1/2"]
[WhiteElo "2498"]
[BlackElo "2430"]
[PlyCount "135"]
[EventDate "2017.08.18"]
[EventType "swiss"]
[EventRounds "10"]
[EventCountry "ESP"]
[SourceTitle "CBM 180 Extra"]
[Source "ChessBase"]
[SourceDate "2017.10.06"]
[SourceVersion "1"]
[SourceVersionDate "2017.10.06"]
[SourceQuality "1"]

1. Nf3 Nf6 2. c4 e6 3. Nc3 d5 4. d4 Be7 5. Bg5 h6 6. Bh4 0-0 7. e3 b6 8. Bd3 Bb7 9. Rc1 Nbd7 10. cxd5 exd5 11. 0-0 c5 12. b3 Rc8 13. dxc5 bxc5 14. Bf5 g6 15. Bxf6 Bxf6 16. Bh3 Bxc3 17. Rxc3 f5 18. g3 Nf6 19. Bg2 Ne4 20. Rc2 Rc7 21. Ne5 Qd6 22. Qa1 Re7 23. f4 Kh7 24. Rd1 Qb6 25. Qc1 Rc8 26. Qa3 Rec7 27. Bf3 a6 28. Rdc1 h5 29. Kg2 Nf6 30. b4 c4 31. Rd1 Qe6 32. Qc3 Ng4 33. Rcd2 Nxe5 34. fxe5 Rd8 35. Kf2 Re7 36. Rd4 Qxe5 37. Rxc4 dxc4 38. Qxe5 Rxe5 39. Rxd8 Bxf3 40. Kxf3 Rb5 41. Kf4 c3 42. Rc8 Kh6 43. a3 a5 44. Rxc3 axb4 45. Rb3 g5+ 46. Kf3 Kg6 47. h4 Ra5 48. axb4 Rb5 49. Ke2 Kf6 50. Kd3 gxh4 51. gxh4 Ke6 52. Ke2 Kf6 53. Kf3 Ke5 54. Rb1 Kf6 55. Kf4 Ke6 56. Kg5 Ke5 57. Kxh5 Kf6 58. e4 fxe4+ 59. Kg4 e3 60. Kf3 Rh5 61. Rh1 Rb5 62. Rb1 Rh5 63. Kxe3 Rxh4 64. Kd3 Ke6 65. b5 Kd7 66. Rc1 Rb4 67. Rc5 Kd6 68. Rh5 1/2-1/2

[Event "Barcelona Sants op 19th"]
[Site "Barcelona"]
[Date "2017.08.20"]
[Round "3"]
[White "Boix Moreno, Daniel"]
[Black "Petrosyan, Tigran S"]
[Result "0-1"]
[WhiteElo "2300"]
[BlackElo "2430"]
[PlyCount "70"]
[EventDate "2017.08.18"]
[EventType "swiss"]
[EventRounds "10"]
[EventCountry "ESP"]
[SourceTitle "CBM 180 Extra"]
[Source "ChessBase"]
[SourceDate "2017.10.06"]
[SourceVersion "1"]
[SourceVersionDate "2017.10.06"]
[SourceQuality "1"]

1. e4 e5 2. Nf3 Nc6 3. Bb5 a6 4. Ba4 Nf6 5. d4 exd4 6. 0-0 Be7 7. e5 Ne4 8. Nxd4 Nc5 9. Nf5 0-0 10. Qg4 g6 11. Bxc6 dxc6 12. Nxe7+ Qxe7 13. Qg3 Re8 14. Re1 Bf5 15. Nc3 Ne6 16. Nd1 Nd4 17. Bf4 Nxc2 18. Ne3 Nxe3 19. Rxe3 Qc5 20. Bg5 Qd4 21. Rae1 Qg4 22. Qxg4 Bxg4 23. h3 Be6 24. a3 c5 25. f4 b5 26. g4 c4 27. Rf1 a5 28. f5 Bd5 29. Rd1 c6 30. Rde1 b4 31. R1e2 c3 32. bxc3 bxa3 33. Re1 a2 34. Ra1 Rab8 35. Ree1 Rb2 0-1

[Event "Badalona op 43rd"]
[Site "Badalona"]
[Date "2017.08.09"]
[Round "8"]
[White "Petrosyan, Tigran S"]
[Black "Krysa, Leandro Sergio"]
[Result "1/2-1/2"]
[WhiteElo "2430"]
[BlackElo "2537"]
[PlyCount "129"]
[EventDate "2017.08.02"]
[EventType "swiss"]
[EventRounds "9"]
[EventCountry "ESP"]
[SourceTitle "CBM 179 Extra"]
[Source "ChessBase"]
[SourceDate "2017.08.23"]
[SourceVersion "1"]
[SourceVersionDate "2017.08.23"]
[SourceQuality "1"]

1. Nf3 Nf6 2. c4 c5 3. d4 cxd4 4. Nxd4 e6 5. Nc3 Bb4 6. g3 Qc7 7. Qd3 Nc6 8. Ndb5 Qa5 9. Bf4 0-0 10. Bg2 a6 11. Nd6 Ng4 12. Bxc6 dxc6 13. h3 Ne5 14. Bxe5 Qxe5 15. Nxc8 Raxc8 16. Rd1 Ba5 17. 0-0 Rcd8 18. Qc2 Bxc3 19. bxc3 h5 20. h4 b5 21. cxb5 cxb5 22. e3 Rxd1 23. Rxd1 Rc8 24. Rd4 g6 25. a4 Kg7 26. axb5 Qxb5 27. c4 Qb4 28. Qd3 e5 29. Re4 Qc5 30. Qd5 Qxd5 31. cxd5 Kf6 32. Ra4 Ra8 33. e4 Ke7 34. Kf1 Kd6 35. Ke2 Kc5 36. Kd3 a5 37. f4 f6 38. Rc4+ Kb5 39. Rc6 a4 40. Kc2 a3 41. Kb1 a2+ 42. Ka1 Ra4 43. Rxf6 Rxe4 44. fxe5 Rxe5 45. d6 Rd5 46. Rxg6 Kc6 47. Kxa2 Rxd6 48. Rg8 Rd5 49. Kb3 Kd7 50. Kc4 Ra5 51. Kd4 Ke6 52. Ke4 Kf6 53. Rf8+ Kg6 54. Re8 Ra4+ 55. Kf3 Ra1 56. Rg8+ Kh6 57. Rd8 Rf1+ 58. Ke2 Rg1 59. Rd6+ Kg7 60. Kf3 Ra1 61. Re6 Ra4 62. Re4 Ra5 63. Kf4 Kf6 64. Rd4 Rf5+ 65. Ke4 1/2-1/2

[Event "Badalona op 43rd"]
[Site "Badalona"]
[Date "2017.08.06"]
[Round "5"]
[White "Petrosyan, Tigran S"]
[Black "Gascon del Nogal, Jose Rafael"]
[Result "1/2-1/2"]
[WhiteElo "2430"]
[BlackElo "2498"]
[PlyCount "38"]
[EventDate "2017.08.02"]
[EventType "swiss"]
[EventRounds "9"]
[EventCountry "ESP"]
[SourceTitle "CBM 179 Extra"]
[Source "ChessBase"]
[SourceDate "2017.08.23"]
[SourceVersion "1"]
[SourceVersionDate "2017.08.23"]
[SourceQuality "1"]

1. Nf3 Nf6 2. c4 e6 3. g3 d5 4. Bg2 Be7 5. 0-0 0-0 6. d4 dxc4 7. Qc2 a6 8. a4 Bd7 9. Ne5 Bc6 10. Nxc6 Nxc6 11. e3 Na5 12. Nd2 c5 13. dxc5 Rc8 14. b4 cxb3 15. Nxb3 Nxb3 16. Qxb3 Nd7 17. Ba3 Nxc5 18. Bxc5 Rxc5 19. Qxb7 a5 1/2-1/2

[Event "Yerevan op 1st"]
[Site "Yerevan"]
[Date "2016.10.06"]
[Round "5"]
[White "Hovhannisyan, Karen G"]
[Black "Petrosyan, Tigran S"]
[Result "1/2-1/2"]
[WhiteElo "2251"]
[BlackElo "2443"]
[PlyCount "163"]
[EventDate "2016.10.02"]
[EventType "swiss"]
[EventRounds "9"]
[EventCountry "ARM"]
[SourceTitle "EXT 2017"]
[Source "ChessBase"]
[SourceDate "2016.10.25"]
[SourceVersion "1"]
[SourceVersionDate "2016.10.25"]
[SourceQuality "1"]

1. d4 Nf6 2. Bf4 g6 3. e3 Bg7 4. Nf3 d6 5. h3 0-0 6. Be2 c5 7. 0-0 b6 8. c3 Bb7 9. Nbd2 Nbd7 10. a4 a6 11. Bh2 Rc8 12. Bd3 d5 13. Qe2 c4 14. Bc2 b5 15. e4 dxe4 16. Nxe4 Nd5 17. axb5 axb5 18. Ne5 Nxe5 19. dxe5 Qb6 20. h4 Nc7 21. Ng5 h6 22. Ne4 Ne6 23. h5 g5 24. Kh1 Nf4 25. Bxf4 gxf4 26. Qg4 Qe6 27. Qxe6 fxe6 28. Rfd1 Rc7 29. Ra5 Bc6 30. Nd2 Bxe5 31. Re1 Bf6 32. Rxe6 Rd8 33. Be4 Rxd2 34. Rxc6 Rxc6 35. Bxc6 Rxb2 36. Bxb5 Rxf2 37. Bxc4+ Kg7 38. Ra8 Bg5 39. Bd5 Rc2 40. Rg8+ Kf6 41. c4 Kf5 42. Kh2 e6 43. Rf8+ Bf6 44. Bf3 Rxc4 45. g3 Ke5 46. gxf4+ Rxf4 47. Kg2 Rb4 48. Re8 Bg5 49. Be2 Kd6 50. Rc8 e5 51. Rc3 Rb2 52. Kf1 e4 53. Rc4 Ke5 54. Ra4 Be3 55. Bc4 Rf2+ 56. Ke1 Rh2 57. Bf7 Bd4 58. Bg6 e3 59. Rc4 Bb6 60. Re4+ Kd5 61. Kd1 Bd4 62. Re8 Be5 63. Rd8+ Bd6 64. Re8 Rd2+ 65. Ke1 Bg3+ 66. Kf1 Rf2+ 67. Ke1 Rb2+ 68. Kf1 Be5 69. Rd8+ Ke6 70. Bd3 Rf2+ 71. Kg1 Bh2+ 72. Kh1 Bd6 73. Rg8 Kd5 74. Rg2 Rf4 75. Be2 Rb4 76. Rg4 Rb2 77. Bf3+ Ke5 78. Re4+ Kf5 79. Rxe3 Kf4 80. Re2 Rb3 81. Kg2 Rd3 82. Rf2 1/2-1/2

[Event "Yerevan op 1st"]
[Site "Yerevan"]
[Date "2016.10.04"]
[Round "3"]
[White "Hovsepyan, David"]
[Black "Petrosyan, Tigran S"]
[Result "0-1"]
[WhiteElo "2091"]
[BlackElo "2443"]
[PlyCount "68"]
[EventDate "2016.10.02"]
[EventType "swiss"]
[EventRounds "9"]
[EventCountry "ARM"]
[SourceTitle "EXT 2017"]
[Source "ChessBase"]
[SourceDate "2016.10.25"]
[SourceVersion "1"]
[SourceVersionDate "2016.10.25"]
[SourceQuality "1"]

1. d4 Nf6 2. c4 e6 3. Nc3 Bb4 4. Qc2 0-0 5. Nf3 d6 6. Bd2 Nbd7 7. a3 Bxc3 8. Bxc3 Qe7 9. e3 e5 10. dxe5 dxe5 11. Be2 e4 12. Nd2 a5 13. 0-0 a4 14. Bb4 c5 15. Bc3 Re8 16. Rfb1 Ra6 17. b3 axb3 18. Rxb3 h5 19. Rb5 h4 20. a4 h3 21. g3 Nh7 22. Rab1 Ng5 23. Nb3 b6 24. Qb2 f6 25. a5 bxa5 26. Qa3 a4 27. Nxc5 Ne6 28. Bb4 Nexc5 29. Bxc5 Nxc5 30. Qxc5 Qxc5 31. Rxc5 a3 32. Ra1 Be6 33. Rb5 Rd8 34. Kf1 Rd2 0-1

[Event "Kavala op 25th"]
[Site "Kavala"]
[Date "2016.08.02"]
[Round "5"]
[White "Petrosyan, Tigran S"]
[Black "Tsaknakis, Zisis"]
[Result "1/2-1/2"]
[WhiteElo "2462"]
[BlackElo "2027"]
[PlyCount "108"]
[EventDate "2016.07.30"]
[EventType "swiss"]
[EventRounds "9"]
[EventCountry "GRE"]
[SourceTitle "CBM 173 Extra"]
[Source "ChessBase"]
[SourceDate "2016.08.29"]
[SourceVersion "1"]
[SourceVersionDate "2016.08.29"]
[SourceQuality "1"]

1. e4 c5 2. Nf3 d6 3. d4 cxd4 4. Nxd4 Nf6 5. Nc3 a6 6. h3 g6 7. g4 Bg7 8. Bg2 0-0 9. 0-0 Nc6 10. Nde2 h5 11. g5 Nd7 12. Be3 b5 13. f4 Bb7 14. f5 Nde5 15. b3 Re8 16. Nd5 Nd7 17. Nef4 Bxa1 18. Qxa1 Nf8 19. Bb6 Qd7 20. Nc7 Ne5 21. Nxe8 Qxe8 22. Bd4 Rc8 23. Rf2 Qd8 24. Qd1 h4 25. Nd3 Nxd3 26. cxd3 e5 27. fxe6 Nxe6 28. Bf6 Qb6 29. Qg4 Rc1+ 30. Bf1 Qe3 31. Qxh4 Ng7 32. Bxg7 Kxg7 33. Qf4 Qxf4 34. Rxf4 d5 35. exd5 Bxd5 36. Rf2 b4 37. Rd2 a5 38. Kf2 f6 39. gxf6+ Kxf6 40. d4 Ke7 41. h4 Be4 42. Re2 Rc2 43. Ke3 Rxe2+ 44. Bxe2 Bb1 45. Kd2 Kd6 46. Bf3 Ke6 47. Kc1 Bd3 48. Kd2 Bb1 49. Bd1 Kd5 50. Ke3 Ke6 51. Kf4 Kd5 52. Ke3 Ke6 53. Bg4+ Kd6 54. Bd1 Ke6 1/2-1/2

[Event "Yerevan Asrian Memorial 9th"]
[Site "Yerevan"]
[Date "2016.06.20"]
[Round "5"]
[White "Petrosyan, Tigran S"]
[Black "Bakunts, Rafael"]
[Result "1/2-1/2"]
[WhiteElo "2478"]
[BlackElo "2355"]
[PlyCount "120"]
[EventDate "2016.06.16"]
[EventType "swiss"]
[EventRounds "9"]
[EventCountry "ARM"]
[SourceTitle "CBM 173 Extra"]
[Source "ChessBase"]
[SourceDate "2016.08.29"]
[SourceVersion "1"]
[SourceVersionDate "2016.08.29"]
[SourceQuality "1"]

1. Nf3 d5 2. d4 Nf6 3. c4 c6 4. e3 e6 5. Nc3 Nbd7 6. Qc2 Bd6 7. Bd3 0-0 8. 0-0 e5 9. cxd5 cxd5 10. e4 exd4 11. Nxd5 Nxd5 12. exd5 h6 13. Nxd4 Qh4 14. Nf3 Qh5 15. Bh7+ Kh8 16. Qf5 Qxf5 17. Bxf5 Nf6 18. Bxc8 Raxc8 19. Rd1 Rfd8 20. Kf1 Be7 21. Be3 b6 22. d6 Rxd6 23. Rxd6 Bxd6 24. Rd1 Be7 25. Ke2 Kg8 26. Ne5 Kf8 27. Rc1 Rxc1 28. Bxc1 Bd6 29. Nc6 a6 30. Be3 Nd5 31. Bd4 b5 32. g3 f5 33. Kd3 g6 34. a3 Kf7 35. Ne5+ Bxe5 36. Bxe5 Ke6 37. Kd4 g5 38. h3 h5 39. Bg7 g4 40. hxg4 hxg4 41. Be5 Nb6 42. b3 Nd5 43. Bf4 Nf6 44. Kc5 Ne4+ 45. Kb6 Kd5 46. Be3 Nc3 47. Kxa6 Kc6 48. Ka5 Nd5 49. a4 bxa4 50. Kxa4 Nc7 51. b4 Nb5 52. Ka5 Nc7 53. Bf4 Nb5 54. Ka4 Nd4 55. Be3 Nb5 56. Kb3 Kd5 57. Bc5 Nc7 58. Kc3 Nb5+ 59. Kd3 Na3 60. Ke3 Ke5 1/2-1/2

[Event "Yerevan Margaryan Memorial"]
[Site "Yerevan"]
[Date "2016.01.16"]
[Round "9"]
[White "Paravyan, David"]
[Black "Petrosyan, Tigran S"]
[Result "1-0"]
[WhiteElo "2509"]
[BlackElo "2461"]
[PlyCount "95"]
[EventDate "2016.01.08"]
[EventType "tourn"]
[EventRounds "9"]
[EventCountry "ARM"]
[EventCategory "9"]
[SourceTitle "CBM 170 Extra"]
[Source "ChessBase"]
[SourceDate "2016.02.25"]
[SourceVersion "1"]
[SourceVersionDate "2016.02.25"]
[SourceQuality "1"]

1. c4 e6 2. Nc3 d5 3. d4 Be7 4. Bf4 Nf6 5. e3 0-0 6. a3 b6 7. Nf3 Bb7 8. cxd5 exd5 9. b4 Nbd7 10. Bd3 c5 11. bxc5 bxc5 12. 0-0 c4 13. Bc2 Qa5 14. Qd2 Nh5 15. Bg5 Bxg5 16. Nxg5 Nhf6 17. f3 h6 18. Nh3 Ne8 19. e4 Nc7 20. a4 Rad8 21. Qe1 Rfe8 22. Nb5 Qb6 23. Nxc7 Qxc7 24. Qh4 Qb6 25. e5 Nxe5 26. Rab1 Qc7 27. Qg3 Re7 28. dxe5 d4 29. Bf5 d3 30. f4 Ba6 31. Nf2 d2 32. Qc3 g6 33. Bc2 Qc5 34. Kh1 Qd4 35. Ne4 Kg7 36. h3 Bb7 37. Qxd4 Rxd4 38. Nc3 Bc8 39. Nb5 Rd5 40. Nc3 Rd4 41. Nb5 Rd5 42. Rfd1 Bf5 43. Bxf5 gxf5 44. Rb4 a6 45. Nc3 Rd4 46. Ne2 a5 47. Rb2 Re4 48. Rbxd2 1-0